Wirkung der Beta-Blocker auf den Kohlenhydrat Metabolismus beim experimentellen Myokardinfarkt

Bibliographic Details
Main Authors: Kovácsová, Božena, 1941- (Author), Inczinger, František, 1926-1996 (Author)
Format: Article
Language:German
PhysicalDescription:Grafy 17. Res. angl., češ., rus., nem., lit. 88 zázn. v angl., ruš., češ., nem.
Subjects:

MARC

LEADER 00000nab a2200000 a 4500
001 vtls000147940
003 SK-MaSNL
005 20260319074658.0
008 140701c1981 xo 0 ger
015 |a SNBRA19rr/mm-uuuuu 
035 |a CL0158047 
040 |a SNKBUCL  |b slo  |c SNKBUCL  |e AACR2 
041 0 |a ger 
044 |a xo  |c SK 
080 |a 615.22  |2 1981 
080 |a 615.217  |2 1981 
080 |a 577.124  |2 1981 
100 1 |a Kovácsová, Božena,  |d 1941-  |4 aut  |9 192917 
245 1 0 |a Wirkung der Beta-Blocker auf den Kohlenhydrat Metabolismus beim experimentellen Myokardinfarkt  |c Božena Kovácsová, František Inczinger 
300 |b Grafy 17. Res. angl., češ., rus., nem., lit. 88 zázn. v angl., ruš., češ., nem. 
650 0 7 |a betaadrenolytiká  |2 snkbucl  |9 895330 
650 0 7 |a metabolizmus glycidový  |2 snkbucl  |9 932244 
655 7 |a štúdie  |2 snkbucl  |9 57033 
655 7 |a články zo zborníkov  |2 snkbucl  |9 166140 
700 1 |a Inczinger, František,  |d 1926-1996  |4 aut  |9 208322 
773 0 |t Acta Facultatis pharmaceuticae Universitatis Comenianae  |d Bratislava : SPN, 1981-1982  |g S. 119-143 
850 |a Slovenská národná knižnica v Martine  |a MTA001 
852 |a SNK  |b KIS3GCP 
958 |a RK 
958 |a NB 
992 |a RZB 
999 |c 1479969  |d 1481899